000 00232nam a22000857a 4500
008 161108b xxu||||| |||| 00| 0 eng d
100 _91052
_aShah.N.M.
245 _aStatistics for Economics-X
260 _aNew Delhi
_bArya Publications
_c2011
999 _c3707
_d3707